[Event "COL-ch U1800"]
[Site "Villamaria"]
[Date "2019.11.03"]
[Round "4"]
[White "Garzon Salgado, Nelson Eduardo"]
[Black "Tobar Beltran, Carlos Andres"]
[Result "0-1"]
[WhiteElo "1735"]
[BlackElo "1783"]
[PlyCount "108"]
[EventDate "2019.11.01"]
[EventType "swiss"]
[EventRounds "7"]
[EventCountry "COL"]
[SourceTitle "CBM 193 Extra"]
[Source "ChessBase"]
[SourceDate "2020.01.31"]
[SourceVersion "1"]
[SourceVersionDate "2020.01.31"]
[SourceQuality "1"]

1. d4 f5 2. c4 e6 3. Nc3 Nf6 4. Qc2 d5 5. Bf4 c6 6. cxd5 exd5 7. Nf3 Bd6 8. Bxd6 Qxd6 9. Ne5 Be6 10. Qb3 Qc7 11. Rc1 Qb6 12. Qxb6 axb6 13. e3 Nbd7 14. Nxd7 Kxd7 15. Be2 Ne4 16. a3 Rhf8 17. 0-0 Nd2 18. Rfe1 Nb3 19. Rcd1 f4 20. Bd3 fxe3 21. fxe3 Bg4 22. Be2 Bxe2 23. Rxe2 Rae8 24. Rf1 Rxf1+ 25. Kxf1 Na5 26. Nd1 Nc4 27. Re1 c5 28. Re2 Re4 29. Nc3 Nxe3+ 30. Kg1 Re7 31. dxc5 bxc5 32. Rd2 d4 33. b4 Kc6 34. Na4 b6 35. bxc5 bxc5 36. Rb2 Nc4 37. Rb8 d3 38. Rc8+ Rc7 39. Rxc7+ Kxc7 40. Kf2 Kc6 41. Ke1 Nxa3 42. Nb2 c4 43. Kd2 Kd5 44. Kc3 Nb1+ 45. Kb4 Nd2 46. Kc3 Ne4+ 47. Kb4 Nd6 48. Kc3 Ke4 49. Nd1 Nf5 50. Nb2 Ne3 51. g3 Kf3 52. Kd2 Nf1+ 53. Ke1 d2+ 54. Kxf1 c3 0-1

[Event "COL-ch U2000"]
[Site "Pereira"]
[Date "2019.03.25"]
[Round "9"]
[White "Sanchez Escobar, Nelson"]
[Black "Garzon Salgado, Nelson Eduardo"]
[Result "1-0"]
[WhiteElo "1709"]
[BlackElo "1814"]
[PlyCount "37"]
[EventDate "2019.03.21"]
[EventType "swiss"]
[EventRounds "9"]
[EventCountry "COL"]
[SourceTitle "CBM 189 Extra"]
[Source "ChessBase"]
[SourceDate "2019.06.03"]
[SourceVersion "1"]
[SourceVersionDate "2019.06.03"]
[SourceQuality "1"]

1. e4 c5 2. f4 d6 3. Nf3 Nf6 4. d3 e6 5. Nc3 Nc6 6. Be2 g6 7. 0-0 Bg7 8. h3 Nh5 9. Be3 Ng3 10. Rf2 a6 11. a3 b5 12. Rb1 Bb7 13. Kh2 Nxe2 14. Nxe2 0-0 15. c3 c4 16. Ng5 Qc7 17. Qc2 Rad8 18. dxc4 bxc4 19. Nf3 1-0

[Event "COL-ch U2000"]
[Site "Pereira"]
[Date "2019.03.23"]
[Round "4"]
[White "Cayon, Laura Valentina"]
[Black "Garzon Salgado, Nelson Eduardo"]
[Result "1/2-1/2"]
[WhiteElo "1727"]
[BlackElo "1814"]
[PlyCount "29"]
[EventDate "2019.03.21"]
[EventType "swiss"]
[EventRounds "9"]
[EventCountry "COL"]
[SourceTitle "CBM 189 Extra"]
[Source "ChessBase"]
[SourceDate "2019.06.03"]
[SourceVersion "1"]
[SourceVersionDate "2019.06.03"]
[SourceQuality "1"]

1. d4 d5 2. c4 e6 3. Bf4 Bd6 4. Bxd6 Qxd6 5. c5 Qe7 6. Nc3 c6 7. e4 Nf6 8. e5 Nfd7 9. Bd3 0-0 10. f4 f6 11. Qh5 g6 12. Qh4 Rf7 13. Nf3 fxe5 14. Qxe7 Rxe7 15. fxe5 1/2-1/2